| 000 | 00611nmm a22002177a 4500 | ||
|---|---|---|---|
| 005 | 20161103161929.0 | ||
| 008 | 161103b xxu||||| |||| 00| 0 spa d | ||
| 041 | _aspa | ||
| 082 | _aTU 41 | ||
| 100 |
_aPérez Salazar, Claudia _930339 |
||
| 245 | _aInforme de Práctica en la Agencia de Viajes Horizontes de Costa Rica S.A. | ||
| 260 | _c2015 | ||
| 650 |
_aCOSTA RICA _930340 |
||
| 650 |
_aTURISMO _9894 |
||
| 650 |
_aAGENCIA DE VIAJES _927480 |
||
| 650 |
_aADMINISTRACIÓN _9268 |
||
| 650 |
_aFUNCIONES OPERATIVAS _930331 |
||
| 650 |
_aPAQUETES TURÍSTICOS _927476 |
||
| 650 |
_aTOUR _98263 |
||
| 942 | _cIP | ||
| 999 |
_c8590 _d8590 |
||